Harry Potter Characters - Statistics

General Stats
  • This quiz has been taken 58 times
    49 since last reset
  • The average score is 100 of 144
Answer Stats
Picture Answer % Correct
Ron Weasley
97%
Harry Potter
95%
Lord Voldemort
95%
Fred Weasley
92%
George Weasley
92%
Ginny Weasley
92%
Hermione Granger
92%
Luna Lovegood
92%
Rubeus Hagrid
92%
Severus Snape
92%
Cedric Diggory
89%
Dobby
89%
Draco Malfoy
89%
Gregory Goyle
89%
James Potter
89%
James Sirius Potter
89%
Neville Longbottom
89%
Alastor Moody
87%
Albus Dumbledore
87%
Bellatrix Lestrange
87%
Lucius Malfoy
87%
Sirius Black
87%
Albus Potter
84%
Cho Chang
84%
Dolores Umbridge
84%
Dudley Dursley
84%
Hedwig
84%
Lily Luna Potter
84%
Lily Potter
84%
Minerva McGonagall
84%
Molly Weasley
84%
Percy Weasley
84%
Peter Pettigrew
84%
Bill Weasley
82%
Charlie Weasley
82%
Nagini
82%
Remus Lupin
82%
Sir Nicholas
82%
Viktor Krum
82%
Vincent Crabbe
82%
Aberforth Dumbledore
79%
Aragog
79%
Argus Filch
79%
Arthur Weasley
79%
Barty Crouch Junior
79%
Barty Crouch Senior
79%
Basilisk
79%
Filius Flitwick
79%
Fleur Delacour
79%
Horace Slughorn
79%
Lee Jordan
79%
Myrtle Warren
79%
Petunia Dursley
79%
Vernon Dursley
79%
Buckbeak
76%
Colin Creevey
76%
Dean Thomas
76%
Fenrir Greyback
76%
Garrick Ollivander
76%
Igor Karkaroff
76%
Katie Bell
76%
Kingsley Shacklebolt
76%
Lavender Brown
76%
Marge Dursley
76%
Oliver Wood
76%
Olympe Maxime
76%
Parvati Patil
76%
Rita Skeeter
76%
Seamus Finnigan
76%
Sybill Trelawney
76%
Crookshanks
74%
Fat Lady
74%
Fawkes
74%
Kreacher
74%
Narcissa Malfoy
74%
Nymphadora Tonks
74%
Padma Patil
74%
Quirinus Quirrell
74%
Rufus Scrimgeour
74%
Bathilda Bagshot
71%
Cornelius Fudge
71%
Fang
71%
Griphook
71%
Helena Ravenclaw
71%
Stan Shunpike
71%
Alicia Spinnet
68%
Amos Diggory
68%
Angelina Johnson
68%
Blaise Zabini
68%
Cormac McLaggen
68%
Firenze
68%
Pomona Sprout
68%
Poppy Pomfrey
68%
Alice Longbottom
66%
Frank Bryce
66%
Frank Longbottom
66%
Justin Finch-Fletchley
66%
Pansy Parkinson
66%
Arabella Figg
63%
Ariana Dumbledore
63%
Charity Burbage
63%
Ernie Macmillan
63%
Ernie Prang
63%
Gabrielle Delacour
63%
Marcus Flint
63%
Mundungus Fletcher
63%
Susan Bones
63%
Alecto Carrow
61%
Amycus Carrow
61%
Cadmus Peverell
61%
Corban Yaxley
61%
Hugo Granger-Weasley
61%
Ignotus Peverell
61%
Rose Granger-Weasley
61%
Antioch Peverell
58%
Bloody Baron
58%
Mafalda Hopkirk
58%
Norbert
58%
Hannah Abbott
55%
Scorpius Malfoy
55%
Antonin Dolohov
53%
Death
53%
Errol
53%
Gellert Grindelwald
53%
Pius Thicknesse
53%
Tom
53%
Reginald Cattermole
50%
Elphias Doge
45%
Madam Rosmerta
45%
Albert Runcorn
42%
Amelia Bones
39%
Mary Cattermole
39%
Astoria Greengrass
37%
Bogrod
34%
Walden Macnair
34%
Zacharias Smith
34%
Michael Corner
32%
Muriel Weasley
32%
Scabior
32%
Thorfinn Rowle
29%
Mykew Gregorovitch
26%
Anthony Goldstein
21%
Leanne
21%
Emmeline Vance
13%
No matching quizzes found
Score Distribution
Percent of People with Each Score
Percentile by Number Answered
Your Score History
You have not taken this quiz since the last reset